People who make a change : (Record no. 93643)

MARC details
000 -LEADER
fixed length control field 00657nam a22001937a 4500
005 - DATE AND TIME OF LATEST TRANSACTION
control field 20150717111826.0
010 ## - LCCN (DPL NO)
LC control number ENG-113097
020 ## - INTERNATIONAL STANDARD BOOK NUMBER
International Standard Book Number 9789382420255
Terms of availability 595.00
035 ## - SYSTEM CONTROL NUMBER
System control number EN-96629
037 ## - SOURCE OF ACQUISITION
Source of stock number/acquisition DBAD/PUB
082 ## - DEWEY DECIMAL CLASSIFICATION NUMBER
Classification number 363.7
100 ## - MAIN ENTRY--PERSONAL NAME
Personal name Dash, Dhanalaxmi
245 ## - TITLE STATEMENT
Title People who make a change :
Statement of responsibility, etc by Dhanalaxmi Dash [and] Mahendra K. Satapathy
Remainder of title men and women in environmental movements /
260 ## - PUBLICATION, DISTRIBUTION, ETC. (IMPRINT)
Name of publisher, distributor, etc Kunal Books
Date of publication, distribution, etc 2013
Place of publication, distribution, etc New Delhi
270 ## - ADDRESS
City New Delhi
Postal code 110002
Address 4648/21, First Floor, Ansari Road, Daryaganj,
300 ## - PHYSICAL DESCRIPTION
Extent xii,156p. :
Dimensions 23cm(Hb)
Other physical details ill.
700 ## - ADDED ENTRY--PERSONAL NAME
Personal name Satapathy, Mahendra K.
942 ## - ADDED ENTRY ELEMENTS (KOHA)
Source of classification or shelving scheme Dewey Decimal Classification
Item type English Books
Call number suffix DAS
Classification part 363.7
Holdings
Withdrawn status Lost status Not for loan Collection code Home library Current library Date acquired Source of acquisition Cost, normal purchase price Full call number Barcode Copy number Cost, replacement price Koha item type
    Not For Loan Non-fiction D.B.Act.Division D.B.Act.Division 15/05/2015 DBAD/PUB 595.00 363.7 DAS EN-96629 1 595.00 English Books

© Delhi Public Library
Hit Counter
free hit counter